Analýza chudoby na Slovensku v rokoch 2018 - 2023 diplomová práca

Enregistré dans:
Détails bibliographiques
Auteur principal: Sýkora, Patrik
Collectivité auteur: Fakulta hospodárskej informatiky EU. Katedra štatistiky
Autres auteurs: Hurbánková, Ľubica, 1980-
Format: Livre
Langue:slovaque
Publié: Bratislava 2025
Tags: Ajouter un tag
Pas de tags, Soyez le premier à ajouter un tag!

MARC

LEADER 00000nbm a2200000 4500
001 0310408
005 20251202102424.7
041 0 |a slo 
044 |a SK 
245 1 0 |a Analýza chudoby na Slovensku v rokoch 2018 - 2023  |b diplomová práca  |c Patrik Sýkora ; školiteľ: Ľubica Hurbánková 
264 1 |a Bratislava  |c 2025 
300 |a 61 s. 
100 1 |a Sýkora, Patrik 
700 1 |a Hurbánková, Ľubica, 1980- 
710 2 |a Fakulta hospodárskej informatiky EU. Katedra štatistiky